Červený Trpaslík - Ultimátní kvíz - Statistics

General Stats
  • This quiz has been taken 482 times
    471 since last reset
  • The average score is 30 of 100
Answer Stats
Otázka Odpověď % Correct
Jediný přeživší člověk? Dave Lister
98%
Tvor který se na lodi vyvinul z Listerovy kočky? Kocour
98%
Android, který se později k posádce přidal? Kryton
97%
Jak se jmenuje ústřední loď seriálu? Červený Trpaslík
96%
Hologram jeho mrtvého kolegy? Arnold Rimmer
95%
Bezchybnatý lodní počítač? Holly
71%
Jaké je Kryton série? 4000
69%
Jeho IQ? 6000
68%
Kolik funkčních chuťových pohárků má Lister? 2
64%
Jaké IQ tvrdil, že má Holly? 6
63%
Jak zní skutečné prostřední jméno Rimmera? Jidáš
63%
Listerova věčná láska? Kristine Kochanská
62%
Zelená přepravní loď na Trpaslíkovi? Kosmik
61%
Jak se jmenuje místo kam přijdou všechny kalkulačky? Křemíkové Nebe
58%
Kdo je protějšek Kocoura v Paralelním Vesmíru? Pes
57%
Údajný záložní počítač Trpaslíka? Queeg
55%
Jaká postavička z dětských příběhů byla přivázána ke kůlu a odmítla pásku přes oči? Medvídek Pú
52%
Smrtelně nebezpečná mořská příšera způsobující nutkání k sebevraždě? Oliheň Beznaděje
52%
Jaká je jediná věc, co rozpustí vindaloo? Ležák
50%
Kolik jednorukých nakonec dokážou ostatní vyjmenovat Listerovi? 5
48%
Jak se jmenuje sebevražedná skupina vězňů plnící různé mise? Kanárci
48%
Jak se jmenuje kočičí bůh? Kloister Hlupák
48%
Nejnávykovější hra ve vesmíru? Lepší než život
48%
Kdo nakonec zastřelil Kennedyho z toho travnatýho vršku? On sám
48%
Jakou barvu moči má podle Rimmer Lister? Zelenou
48%
Co za tvora je ve skutečnosti Kamila? GELF na přání
45%
Co dá Kocour Krytonovi k jeho Poslednímu Dni? Náušnici
45%
Kolikrát v díle Výměna těl proběhne tato výměna? 7
44%
Kdo je matkou Davida Listera? Kochanská
43%
Modrá přepravní loď na Trpaslíkovi? Modrý Skrček
43%
Jak se jmenuje společnost pro kterou pracuje posádka Červeného Trpaslíka? Jupiterská důlní
42%
Kdo vymyslí bitevní plán proti Smrťákům? Rimmer
42%
Jak se jmenuje Rimmerův maňásek tučňák? Pan Filuta
41%
Jak se jmenuje první díl celého seriálu? Konec
40%
Jeho údajné IQ? 500
35%
Za jakého tvora měla posádka Trpaslíka Krytonovu ruku, která přišla pro pomoc? Tarantuli
35%
Kdo byl Rimmerem přinucen udělat 50 kliků? Gándhí
34%
Jakou šelmu viděl ve své představivosti Rimmer, když cvičil s Esem? Křečka
34%
Co, jak se ukáže, trápí Listera v lodním potrubí? Klaustrofobie
33%
Jaká zbraň měla podle Cassandry zabít Arnolda? Harpuna
31%
Co si chce Lister objednat po telefonu? Míchač
31%
Jaký americký herec byl idolem robíků natolik, že měli jeho fanklub? John Wayne
30%
Jak se jmenuje loď na které sloužil Kryton, když ho našli? Nova 5
29%
Jak si myslí letová dispečerka, že se jmenuje Kocour? Držka
28%
Jak se jmenuje přístroj, který zkopíroval nejprve jahodu a pak celou loď? Triplikátor
28%
Jaká jsou poslední slova Krytona předtím než ho Inkvizitor rozmačká? Enig
27%
Co dal Kryton Kochanské jako dárek aby zvedl sledovanost? Skákací tyč
25%
V jakém mexickém městě byla pláž jejíž fotku měl Rimmer ve svém albu? Acapulco
24%
Jaké je jeho sériové číslo? 2X4B-523P
22%
Co zbylo z Listera po epikurejském cestování časem? Mozek v láhvi
22%
Jaké sídlo nechal Lister rozdrtit na štěrk? Buckinghamský palác
21%
Co si zástupce kancléře myslel, že má spáchat, když mu kancléř poslal po stole svůj Meč Zkázy? Harikari
21%
Jakou drogu užíval Krytonův "bratr" Able? Otrozon
21%
Co složil po ránu Rimmer po tom, co mu implantovali mozkový štěp? Palindromické haiku
21%
Co je podle poznatků hochů z trpaslíka nejnižší forma života? Člověk který si hraje s vláčky
20%
Na jak dlouho je nakonec naše parta odsouzena? Dva roky
20%
Kdo nakonec připraví Kocoura o panictví? Polymorf
20%
Kdo nakonec rozhodne svým hlasem o výhře Krytona v robotických volbách? Toustovač
20%
Co je zakázáno na palubě lod Enconia? Kritika
19%
Jakou nemoc chytil Lister v díle Spravedlnost? Vesmírné příušnice
19%
Co prohrál Lister s Buchy v kartách? Kosmika a Rimmera
18%
Co chtěla Holly podle Listera udělat aby odstranila bílou díru? Hrát kulečník s planetama
17%
Co vzal Asklépius Listerovi? Ledviny
16%
Co měl doopravdy s mečem udělat? Vyleštit ho
16%
Jaká je požadovaná velikost poprsí u nového palubního počítače? 36D
13%
Jakou poruchou trpěl výdejní automat na Trpaslíkovi? Šišlání
13%
Jak se nazývá proces změny DNA? Transmogrifikace
13%
Jakým filmem se inspiroval závěr série Zpátky na Zemi? Blade Runner
11%
Jak se jmenuje společnost která Jupiterskou důlní přebrala? M-Corp
11%
Koho šel Lister svádět do videohry? Guinevru
10%
Kterého ze svých bratrů nakonec Rimmer ve vesmíru potkal? Howarda
10%
Na jakou stanici má podle Rimmera naladit Lister aby se vzpamatoval po lsti Psirén? Duševní zdraví FM
9%
Jak se jmenuje rasa hybridů, která unese Rimmera? Násoboidi
8%
Jakou látku radí Rimmer Kocourovi aby použil na oblečení v programu od Krytona? Jezdecký kepr
7%
Jak se jmenuje loď, kterou Epidém zasáhl před Kosmikem? Leviatan
7%
Jak se jmenuje android, který přivodí Krytonovi ještě větší krizi středního věku? Lokaj
7%
Jak se jmenovala stvořitelka Krytona? Profesorka Mammetová
7%
Kolik let strávil Rimmer ve vězení v Rimmerosvětě? 557
6%
Na kolik let odnětí svobody byl odsouzen Rimmer? 9328
6%
Jaký zvláštní přístroj měla loď na kterou Rimmer vypálil těžební torpéda? Biotiskárnu
6%
Jak se jmenuje princezna, kterou Eso zachrání v nacistickém Německu? Bonjella
6%
Jakou nejvyšší formu světla pro Rimmera parta na svých cestách objeví? Diamantové světlo
6%
Kdo podle Kocoura vynalezl fiží? Erchimédes
6%
Jaké jídlo si dal Lister s Ježíšem? Jalfrezi
6%
Co ve skutečnosti podle Rimmera tahle zkratka znamenala? Kázeňská Armáda Na Amanty Ropuch Cvičených Idiotů
6%
Jakou měl přezdívku Rimmer díky svému mistrovství v jisté deskové hře? Minotaurus
6%
Jakou ultimátní nadávku použil jeden Rimmer proti druhému? Nebuď jak malej pane Gazpacho
6%
Jak se jmenuje loď Replikanta, na jejíž palubě je android Able? Kentaur
5%
Kdo má podle Listera vyspělejší techniku než oni? Albánský státní podnik na pračky
4%
Co nechali přidělat výtahu, na který Rimmer zapomněl? Atomový pohon
4%
Jak se jmenoval násoboid, o kterém tvrdili že je špatný za jeho zády? 3 z 63
3%
Jak se jmenovala loď na které sloužil Kryton ještě předtím? Augustus
3%
Která z kovbojských postav měla pěsti, které budily posvátnou úctu? Drsňák Dan McGrew
3%
Co sbírá Lister z alternativního vesmíru? Kabely
3%
Jak se jmenuje autor knihy Kořeny Náhody? Arthur Koestler
2%
Kdo nereaguje na léčbu? Rupert Murdoch
2%
Co je to KIKS? Kosmický Institut pro Klamné Soudy
1%
Jak popsal Kryton hospodu? Veřejný podnik kde se lidé snaží dosáhnout pokročilého stavu mentální inkompetence opakovanou konzumací fermentovaných rostlinných nápojů
1%
Jak zní tento vzorec v originálním znění? Cesium-francolithic-mixi-alibidium-rixy-dixy-doxy-dexy-droxide
0%
Jak se jmenuje vzorec protilátky proti Chameleonímu viru? Césiumfrankolithiovýumrixydehyxid
0%
No matching quizzes found
Score Distribution
Percent of People with Each Score
Percentile by Number Answered
Your Score History
You have not taken this quiz since the last reset